Du roman et du théatre contemporains et de leur influence sur les moeurs / (Record no. 162374)

MARC details
000 -LEADER
campo de control de longitud fija 00847nam a22002415i 4500
001 - NÚMERO DE CONTROL
campo de control 162374
003 - IDENTIFICADOR DE NÚMERO DE CONTROL
campo de control ES-MaACL
005 - FECHA Y HORA DE LA ÚLTIMA TRANSACCIÓN
campo de control 20250824031153.0
008 - DATOS DE LONGITUD FIJA--INFORMACIÓN GENERAL
campo de control de longitud fija 950627s1858 fr |||| | fre d
080 ## - NÚMERO DE LA CLASIFICACIÓN DECIMAL UNIVERSAL
Número de la Clasificación Decimal Universal 840-31"18"
080 ## - NÚMERO DE LA CLASIFICACIÓN DECIMAL UNIVERSAL
Número de la Clasificación Decimal Universal 840-2"18"
100 1# - ENTRADA PRINCIPAL--NOMBRE DE PERSONA
Nombre de persona Poitou, Eugène.
9 (RLIN) 131239
245 10 - MENCIÓN DEL TÍTULO
Título Du roman et du théatre contemporains et de leur influence sur les moeurs /
Mención de responsabilidad, etc. par Eugène Poitou.
250 ## - MENCION DE EDICION
Mención de edición 2e éd.
260 ## - PUBLICACIÓN, DISTRIBUCIÓN, ETC.
Lugar de publicación, distribución, etc. Paris :
Nombre del editor, distribuidor, etc. Auguste Durand,
Fecha de publicación, distribución, etc. 1858 (
Lugar de fabricación/manufactura Angers :
Fabricante Imp. Cosnie et Lachère)
300 ## - DESCRIPCIÓN FÍSICA
Extensión 411 p. ;
Dimensiones 17 cm.
650 #4 - PUNTO DE ACCESO ADICIONAL DE MATERIA--TÉRMINO DE MATERIA
Término de materia o nombre geográfico como elemento de entrada Novela francesa-
Subdivisión cronológica S.XIX-
Subdivisión general Historia y crítica.
9 (RLIN) 136608
650 #7 - PUNTO DE ACCESO ADICIONAL DE MATERIA--TÉRMINO DE MATERIA
Término de materia o nombre geográfico como elemento de entrada Teatro francés-
Subdivisión cronológica S.XIX-
Subdivisión general Historia y crítica
Fuente del encabezamiento o término
9 (RLIN) 174695
700 1# - ENTRADA AGREGADA--NOMBRE PERSONAL
Nombre de persona Durand, Auguste.
9 (RLIN) 222833
752 ## - ENTRADA AGREGADA--NOMBRE JERÁRQUICO DEL LUGAR
País o entidad superior Francia -
Ciudad París
852 4# - LOCALIZACIÓN
Ubicación ES-MaACL
Número de control de estantería D-1040
Nota libre - Enc. hol.
Holdings
Estatus retirado Estado de pérdida Estado de daño No para préstamo Colección Biblioteca de origen Biblioteca actual Ubicación en estantería Fecha de adquisición Fuente de adquisición Total de préstamos Signatura topográfica completa Código de barras Visto por última vez Precio de reemplazo Tipo de ítem Koha
        Libros del s. XIX Biblioteca del Ateneo de Madrid Biblioteca del Ateneo de Madrid Sala Valle Inclán 17/01/2008     D-1040 901170109 23/02/2023 23/02/2023 Libro impreso antiguo